[Event "POR-ch semi rapid"]
[Site "Mirandela"]
[Date "2015.11.15"]
[Round "6"]
[White "Silva, Luis Neves Da"]
[Black "Gomes, Miguel"]
[Result "1-0"]
[WhiteElo "2317"]
[BlackElo "2277"]
[PlyCount "61"]
[EventDate "2015.11.15"]
[EventType "tourn (rapid)"]
[EventRounds "7"]
[EventCountry "POR"]
[SourceTitle "CBM 169 Extra"]
[Source "ChessBase"]
[SourceDate "2015.12.18"]
[SourceVersion "1"]
[SourceVersionDate "2015.12.18"]
[SourceQuality "1"]

1. d4 Nf6 2. Nf3 e6 3. c4 b6 4. e3 Bb7 5. Nc3 Bb4 6. Bd3 0-0 7. Qc2 c5 8. a3 Bxc3+ 9. Qxc3 Bxf3 10. gxf3 Nc6 11. dxc5 bxc5 12. Rg1 d6 13. b4 Ne5 14. Be2 Qb6 15. Bb2 Rab8 16. b5 Rfd8 17. 0-0-0 a6 18. f4 Ng6 19. h4 h5 20. Bd3 axb5 21. Bxg6 fxg6 22. Rxg6 e5 23. Rdg1 b4 24. Rxg7+ Kh8 25. axb4 Qxb4 26. fxe5 Qxc3+ 27. Bxc3 Ne4 28. Bb2 Rb4 29. e6 Rxc4+ 30. Kd1 Nxf2+ 31. Kd2 1-0

[Event "POR-chT"]
[Site "Porto"]
[Date "2015.08.18"]
[Round "4.1"]
[White "Pires, Gustavo"]
[Black "Gomes, Miguel"]
[Result "1/2-1/2"]
[WhiteElo "2098"]
[BlackElo "2262"]
[PlyCount "56"]
[EventDate "2015.08.16"]
[EventType "team-tourn"]
[EventRounds "9"]
[EventCountry "POR"]
[SourceTitle "EXT 2016"]
[Source "ChessBase"]
[SourceDate "2015.10.08"]
[SourceVersion "1"]
[SourceVersionDate "2015.10.08"]
[SourceQuality "1"]
[WhiteTeam "S Joao da Madeira"]
[BlackTeam "A2D"]
[WhiteTeamCountry "POR"]
[BlackTeamCountry "POR"]

1. e4 c6 2. Nf3 d5 3. Nc3 Nf6 4. Qe2 Bg4 5. d3 d4 6. Nb1 e5 7. h3 Be6 8. Nbd2 Qc7 9. g3 Be7 10. Bg2 0-0 11. 0-0 Ne8 12. c3 c5 13. Re1 f6 14. Nf1 Nc6 15. g4 dxc3 16. bxc3 Rd8 17. Ne3 Qa5 18. Bb2 Nc7 19. Nf5 Rd7 20. Nxe7+ Rxe7 21. d4 exd4 22. cxd4 cxd4 23. Nxd4 Qa4 24. Nxe6 Nxe6 25. Qd1 Qc4 26. Qb3 Qxb3 27. axb3 Rd8 28. e5 fxe5 1/2-1/2

[Event "POR-chT"]
[Site "Porto"]
[Date "2015.08.17"]
[Round "3.1"]
[White "Gomes, Miguel"]
[Black "Sousa, Ricardo Miguel Mora"]
[Result "1-0"]
[WhiteElo "2262"]
[BlackElo "2091"]
[PlyCount "63"]
[EventDate "2015.08.16"]
[EventType "team-tourn"]
[EventRounds "9"]
[EventCountry "POR"]
[SourceTitle "EXT 2016"]
[Source "ChessBase"]
[SourceDate "2015.10.08"]
[SourceVersion "1"]
[SourceVersionDate "2015.10.08"]
[SourceQuality "1"]
[WhiteTeam "A2D"]
[BlackTeam "Santoantoniense"]
[WhiteTeamCountry "POR"]
[BlackTeamCountry "POR"]

1. d4 g6 2. c4 Nf6 3. Nc3 Bg7 4. e4 d6 5. Nf3 0-0 6. Be2 e5 7. Be3 Nbd7 8. 0-0 Re8 9. Qc2 c6 10. Rfd1 Qe7 11. d5 c5 12. Rab1 Rf8 13. Bg5 h6 14. Bd2 Ne8 15. g3 f5 16. Nh4 Qf6 17. exf5 gxf5 18. Bh5 Nc7 19. Qc1 Rd8 20. Bg6 Nf8 21. Bxh6 Nxg6 22. Bg5 Nxh4 23. Bxf6 Bxf6 24. gxh4 Kh7 25. Kh1 Bd7 26. Rg1 Rg8 27. Qe3 e4 28. Nxe4 fxe4 29. Qxe4+ Kh8 30. Qf3 Rxg1+ 31. Rxg1 Bg7 32. Qf7 1-0

[Event "Portuguese Masters"]
[Site "Matosinhos"]
[Date "2015.06.07"]
[Round "1"]
[White "Gomes, Miguel"]
[Black "Pintor, Simao Maciel Abranc"]
[Result "1/2-1/2"]
[WhiteElo "2236"]
[BlackElo "2036"]
[PlyCount "111"]
[EventDate "2015.06.07"]
[EventType "tourn"]
[EventRounds "9"]
[EventCountry "POR"]
[SourceTitle "CBM 166 Extra"]
[Source "ChessBase"]
[SourceDate "2015.06.18"]
[SourceVersion "1"]
[SourceVersionDate "2015.06.18"]
[SourceQuality "1"]

1. e4 c5 2. Nf3 Nc6 3. d4 cxd4 4. Nxd4 g6 5. c4 Bg7 6. Be3 Nf6 7. Nc3 0-0 8. Be2 d6 9. 0-0 Nxd4 10. Bxd4 Bd7 11. Qd2 Bc6 12. f3 a5 13. b3 Nd7 14. Be3 Nc5 15. Rab1 Qb6 16. Rfc1 Rfc8 17. Rc2 Qd8 18. Bf1 h5 19. a3 Kh7 20. b4 axb4 21. axb4 Na4 22. Ne2 Nb6 23. Nf4 Ba4 24. Rcc1 Nd7 25. c5 dxc5 26. bxc5 Bc6 27. Bb5 Ne5 28. Nd5 Ra3 29. Bg5 f6 30. Be3 Rca8 31. Rd1 Bxb5 32. Rxb5 Rd3 33. Qxd3 Nxd3 34. Rxd3 e6 35. Nf4 Qc8 36. Rdb3 Ra1+ 37. Kf2 Ra2+ 38. Kg1 Qd7 39. Rb1 Ra1 40. Rxb7 Qxb7 41. Rxa1 Bh6 42. g3 f5 43. exf5 gxf5 44. Rf1 h4 45. Bd4 Bxf4 46. gxf4 Qd5 47. Be3 h3 48. Kf2 Qa2+ 49. Ke1 Qxh2 50. Rg1 Qc2 51. Rg3 h2 52. Rh3+ Kg6 53. Kf1 e5 54. fxe5 f4 55. Bf2 Qf5 56. Rxh2 1/2-1/2

[Event "POR-ch prel"]
[Site "Lisbon"]
[Date "2015.03.12"]
[Round "7"]
[White "Gomes, Miguel"]
[Black "Vasques, Antonio Pedro Freix"]
[Result "1/2-1/2"]
[WhiteElo "2264"]
[BlackElo "2237"]
[PlyCount "105"]
[EventDate "2015.03.08"]
[EventType "swiss"]
[EventRounds "9"]
[EventCountry "POR"]
[SourceTitle "EXT 2018"]
[Source "ChessBase"]
[SourceDate "2017.10.13"]
[SourceVersion "1"]
[SourceVersionDate "2017.10.13"]
[SourceQuality "1"]

1. e4 c5 2. Nf3 d6 3. d4 Nf6 4. Nc3 cxd4 5. Nxd4 a6 6. Be2 e6 7. 0-0 Be7 8. f4 Nc6 9. Be3 Bd7 10. a4 Nxd4 11. Qxd4 Bc6 12. Rad1 0-0 13. Bf3 Qc7 14. Qd2 Rac8 15. g4 b5 16. axb5 axb5 17. g5 Nd7 18. Ra1 Nb6 19. b3 b4 20. Ne2 d5 21. e5 Bb5 22. Ra5 Bxe2 23. Qxe2 Nd7 24. Ra7 Qc6 25. Qc4 Rfd8 26. Qxc6 Rxc6 27. Rf2 Rc3 28. Bd4 Bc5 29. Bxc5 Nxc5 30. Bd1 g6 31. Rf3 d4 32. Rxc3 dxc3 33. Bf3 Rd2 34. Ra5 Nd7 35. Be4 Rd4 36. Bc6 Nf8 37. Ra7 Rxf4 38. Be8 Rg4+ 39. Kf2 Rxg5 40. Bxf7+ Kh8 41. Rb7 Rxe5 42. Be8 Re4 43. Bb5 Rh4 44. Kg3 Rd4 45. Bc4 Nd7 46. Rxb4 Kg7 47. Rb7 Kf6 48. Rc7 Nb6 49. Bd3 Nd5 50. Rc6 Ke5 51. Bc4 Nf4 52. Rc5+ Ke4 53. Ba6 1/2-1/2

[Event "Famalicao op 2nd"]
[Site "Famalicao"]
[Date "2014.09.03"]
[Round "4"]
[White "Gomes, Miguel"]
[Black "Gonzalez Perez, Arian"]
[Result "0-1"]
[WhiteElo "2245"]
[BlackElo "2446"]
[PlyCount "94"]
[EventDate "2014.09.01"]
[EventType "swiss"]
[EventRounds "7"]
[EventCountry "POR"]
[SourceTitle "EXT 2018"]
[Source "ChessBase"]
[SourceDate "2017.10.13"]
[SourceVersion "1"]
[SourceVersionDate "2017.10.13"]
[SourceQuality "1"]

1. e4 c5 2. Nf3 d6 3. d4 cxd4 4. Nxd4 Nf6 5. Nc3 g6 6. Be3 Bg7 7. f3 0-0 8. Qd2 Nc6 9. g4 Nxd4 10. Bxd4 Be6 11. 0-0-0 Qa5 12. a3 Rab8 13. g5 Nh5 14. Nd5 Qxd2+ 15. Rxd2 Bxd5 16. exd5 Bxd4 17. Rxd4 f6 18. gxf6 Rxf6 19. Ra4 a6 20. Rb4 b5 21. a4 Rxf3 22. axb5 axb5 23. Bxb5 Rf2 24. Rb3 Nf4 25. Kb1 Kg7 26. c4 g5 27. Rg3 Kf6 28. h4 g4 29. Rd1 h5 30. Re3 Rg8 31. Rg1 Re2 32. Rxe2 Nxe2 33. Rf1+ Ke5 34. Re1 g3 35. Rxe2+ Kf4 36. c5 dxc5 37. Rg2 Kf3 38. Bf1 Rg4 39. Rc2 Rxh4 40. Bg2+ Ke3 41. Rxc5 Rh2 42. Rc3+ Kf4 43. Rc4+ Kg5 44. Rc2 h4 45. b4 Rxg2 46. Rxg2 Kg4 47. Re2 h3 0-1

[Event "POR-chT"]
[Site "Caldas da Rainha"]
[Date "2014.08.23"]
[Round "9.3"]
[White "Morais, Vitor Mestre"]
[Black "Gomes, Miguel"]
[Result "0-1"]
[WhiteElo "1948"]
[BlackElo "2235"]
[PlyCount "88"]
[EventDate "2014.08.17"]
[EventType "team-tourn"]
[EventRounds "9"]
[EventCountry "POR"]
[SourceTitle "CBM 161 Extra"]
[Source "ChessBase"]
[SourceDate "2014.08.29"]
[SourceVersion "1"]
[SourceVersionDate "2014.08.29"]
[SourceQuality "1"]
[WhiteTeam "EDP"]
[BlackTeam "AAD NXVSC"]
[WhiteTeamCountry "POR"]
[BlackTeamCountry "POR"]

1. d4 Nf6 2. Nf3 e6 3. g3 b6 4. Bg2 Bb7 5. 0-0 Be7 6. c4 0-0 7. d5 exd5 8. Nh4 Na6 9. cxd5 Bc5 10. Nc3 Ng4 11. e4 Ne5 12. a3 Qf6 13. Nf5 Rfe8 14. b4 Bf8 15. f4 Nc4 16. Nd4 Qd8 17. Qd3 Nd6 18. e5 Nc8 19. Bb2 c5 20. dxc6 dxc6 21. Rad1 Ne7 22. Qe2 Qc7 23. Ndb5 cxb5 24. Nxb5 Bxg2 25. Nxc7 Bxf1 26. Qxf1 Nxc7 27. f5 Ned5 28. Qf3 Rad8 29. Rf1 a5 30. bxa5 bxa5 31. Rc1 Rb8 32. Ba1 a4 33. e6 fxe6 34. f6 gxf6 35. Qg4+ Kh8 36. Qxa4 e5 37. Rd1 Rb5 38. Rf1 Ra8 39. Qh4 Bc5+ 40. Kg2 Ne3+ 41. Kh3 Be7 42. Rc1 Ne6 43. g4 Nf4+ 44. Kg3 Ne2+ 0-1

[Event "POR-chT"]
[Site "Caldas da Rainha"]
[Date "2014.08.19"]
[Round "4.1"]
[White "Gomes, Miguel"]
[Black "Gonzalez Perez, Arian"]
[Result "1-0"]
[WhiteElo "2235"]
[BlackElo "2480"]
[PlyCount "76"]
[EventDate "2014.08.17"]
[EventType "team-tourn"]
[EventRounds "9"]
[EventCountry "POR"]
[SourceTitle "CBM 161 Extra"]
[Source "ChessBase"]
[SourceDate "2014.08.29"]
[SourceVersion "1"]
[SourceVersionDate "2014.08.29"]
[SourceQuality "1"]
[WhiteTeam "AAD NXVSC"]
[BlackTeam "Dias Ferreira"]
[WhiteTeamCountry "POR"]
[BlackTeamCountry "POR"]

1. e4 c5 2. Nf3 e6 3. d4 cxd4 4. Nxd4 Nf6 5. Nc3 d6 6. Be2 Be7 7. 0-0 0-0 8. f4 a6 9. Be3 Nc6 10. Kh1 Bd7 11. a3 b5 12. Nb3 Qb8 13. f5 Ne5 14. Nd2 a5 15. fxe6 fxe6 16. Bd4 Qb7 17. Bxe5 dxe5 18. Bd3 Bc6 19. Qe2 Rab8 20. Qe3 Bd6 21. Nb3 Qc7 22. Qh3 Rfe8 23. Nd2 Bc5 24. Rf3 Bd4 25. Raf1 Qe7 26. Nd1 Rf8 27. c3 Bb6 28. Qg3 Nd7 29. a4 bxa4 30. Nc4 Bc7 31. Bc2 Bb5 32. Nde3 Qc5 33. Bd3 Rxf3 34. Rxf3 a3 35. bxa3 Nb6 36. Ng4 Nxc4 37. Nf6+ Kh8 38. Qg6 Nb6 1-0

[Event "POR-chT"]
[Site "Caldas da Rainha"]
[Date "2014.08.17"]
[Round "1.4"]
[White "Gomes, Miguel"]
[Black "Korneev, Oleg"]
[Result "0-1"]
[WhiteElo "2235"]
[BlackElo "2590"]
[PlyCount "64"]
[EventDate "2014.08.17"]
[EventType "team-tourn"]
[EventRounds "9"]
[EventCountry "POR"]
[SourceTitle "CBM 161 Extra"]
[Source "ChessBase"]
[SourceDate "2014.08.29"]
[SourceVersion "1"]
[SourceVersionDate "2014.08.29"]
[SourceQuality "1"]
[WhiteTeam "AAD NXVSC"]
[BlackTeam "Gaia"]
[WhiteTeamCountry "POR"]
[BlackTeamCountry "POR"]

1. e4 c5 2. Nf3 e6 3. d4 cxd4 4. Nxd4 Nc6 5. Be3 Nf6 6. Nd2 Be7 7. g3 d5 8. Bg2 0-0 9. 0-0 e5 10. Nxc6 bxc6 11. exd5 cxd5 12. c4 Bg4 13. Qa4 d4 14. Bg5 Rb8 15. Qxa7 Rxb2 16. Rfb1 Rxb1+ 17. Rxb1 h6 18. Rb7 hxg5 19. Rxe7 Nd7 20. Qa3 Qb8 21. c5 Qb5 22. Bd5 Qe2 23. Qc1 Nxc5 24. Qxc5 Qxd2 25. Rxe5 Bh3 26. Qe7 d3 27. Re1 Qa5 28. Qe5 Qd8 29. Bf3 d2 30. Rd1 Re8 31. Rxd2 Qc8 32. Qa1 Qc3 0-1

[Event "Porto Axis op"]
[Site "Porto"]
[Date "2014.03.16"]
[Round "6"]
[White "Morais, Vitor Mestre"]
[Black "Gomes, Miguel"]
[Result "0-1"]
[WhiteElo "2033"]
[BlackElo "2185"]
[PlyCount "48"]
[EventDate "2014.03.11"]
[EventType "swiss"]
[EventRounds "7"]
[EventCountry "POR"]
[SourceTitle "EXT 2015"]
[Source "ChessBase"]
[SourceDate "2014.11.20"]
[SourceVersion "1"]
[SourceVersionDate "2014.11.20"]
[SourceQuality "1"]

1. Nf3 Nf6 2. g3 d5 3. Bg2 c6 4. 0-0 Bg4 5. d3 Nbd7 6. Nbd2 e6 7. c4 Bd6 8. Qc2 0-0 9. Re1 a6 10. a3 Qb6 11. Rb1 a5 12. b3 d4 13. e3 dxe3 14. fxe3 Rfe8 15. d4 c5 16. Bb2 Bh5 17. Rbc1 Rac8 18. dxc5 Bxc5 19. Bd4 e5 20. Bxc5 Nxc5 21. Bf1 Bxf3 22. Nxf3 Qxb3 23. Qf5 Nce4 24. Nxe5 Rc5 0-1

[Event "Porto Axis op"]
[Site "Porto"]
[Date "2014.03.15"]
[Round "5"]
[White "Gomes, Miguel"]
[Black "Padeiro, Jose Joao Tato"]
[Result "1/2-1/2"]
[WhiteElo "2185"]
[BlackElo "2349"]
[PlyCount "64"]
[EventDate "2014.03.11"]
[EventType "swiss"]
[EventRounds "7"]
[EventCountry "POR"]
[SourceTitle "EXT 2015"]
[Source "ChessBase"]
[SourceDate "2014.11.20"]
[SourceVersion "1"]
[SourceVersionDate "2014.11.20"]
[SourceQuality "1"]

1. e4 c6 2. d4 d5 3. Nc3 dxe4 4. Nxe4 Bf5 5. Ng3 Bg6 6. N1e2 e6 7. Nf4 Bd6 8. h4 Qc7 9. Qf3 Nd7 10. c3 e5 11. Nxg6 hxg6 12. h5 gxh5 13. Rxh5 Rxh5 14. Nxh5 0-0-0 15. Be3 g6 16. Ng7 exd4 17. Bxd4 Ne5 18. Qh3+ Kb8 19. 0-0-0 Nf6 20. Qh4 Be7 21. Qg3 Ned7 22. Qe3 Nd5 23. Bxa7+ Ka8 24. Rxd5 cxd5 25. Qxe7 Kxa7 26. Ne8 Qf4+ 27. Kd1 Rxe8 28. Qxe8 Qxf2 29. Bb5 Nb6 30. Qe2 Qg1+ 31. Kc2 f5 32. Qf3 Qc5 1/2-1/2

[Event "Porto Axis op"]
[Site "Porto"]
[Date "2014.03.12"]
[Round "2"]
[White "Ferreira, Ana Margarida"]
[Black "Gomes, Miguel"]
[Result "0-1"]
[WhiteElo "1823"]
[BlackElo "2185"]
[PlyCount "66"]
[EventDate "2014.03.11"]
[EventType "swiss"]
[EventRounds "7"]
[EventCountry "POR"]
[SourceTitle "EXT 2015"]
[Source "ChessBase"]
[SourceDate "2014.11.20"]
[SourceVersion "1"]
[SourceVersionDate "2014.11.20"]
[SourceQuality "1"]

1. e4 c5 2. Nf3 d6 3. Nc3 Nf6 4. g3 a6 5. a4 Nc6 6. Bg2 e5 7. h3 Be7 8. 0-0 Bd7 9. d3 h6 10. Qe1 Nd4 11. Qd2 Nxf3+ 12. Bxf3 Bxh3 13. Bg2 Bd7 14. a5 b5 15. Nd1 Qc7 16. Ne3 0-0 17. Qe2 Be6 18. Kh2 Rac8 19. Rh1 c4 20. Kg1 cxd3 21. cxd3 Qa7 22. Bh3 Qc5 23. Nd5 Nxd5 24. Bxe6 fxe6 25. exd5 exd5 26. d4 Qxd4 27. Be3 Qe4 28. Qh5 d4 29. Bxh6 Rc2 30. Be3 dxe3 31. Qh8+ Kf7 32. Qh5+ g6 33. Qh7+ Ke8 0-1

[Event "POR Lentas final"]
[Site "Guimaraes"]
[Date "2013.12.28"]
[Round "2.3"]
[White "Pereira, Antonio Pedro Caram"]
[Black "Gomes, Miguel"]
[Result "1-0"]
[WhiteElo "2088"]
[BlackElo "2194"]
[PlyCount "109"]
[EventDate "2013.12.27"]
[EventType "tourn"]
[EventRounds "5"]
[EventCountry "POR"]
[SourceTitle "EXT 2015"]
[Source "ChessBase"]
[SourceDate "2014.11.20"]
[SourceVersion "1"]
[SourceVersionDate "2014.11.20"]
[SourceQuality "1"]

1. d4 Nf6 2. c4 c5 3. d5 b5 4. cxb5 a6 5. bxa6 Bxa6 6. Nc3 d6 7. g3 g6 8. Bg2 Bg7 9. Nf3 0-0 10. 0-0 Nbd7 11. Qc2 Qb6 12. Rb1 Qb7 13. Rd1 Bc4 14. b3 Bxd5 15. Nxd5 Nxd5 16. Ne5 Nxe5 17. Bxd5 Nc6 18. b4 Nxb4 19. Bxb7 Nxc2 20. Bxa8 Rxa8 21. Rb7 Bf8 22. Rd2 Rxa2 23. Rb8 g5 24. h4 h6 25. hxg5 hxg5 26. Bb2 Nd4 27. Kg2 Ne6 28. e3 g4 29. Rd1 Kh7 30. Ra1 Rxa1 31. Bxa1 Bg7 32. Bxg7 Kxg7 33. f3 f5 34. Ra8 Nc7 35. Ra7 Nd5 36. e4 gxf3+ 37. Kxf3 fxe4+ 38. Kxe4 Nf6+ 39. Kf5 Kf7 40. g4 Ne8 41. Kg5 Ng7 42. Kh6 Ne6 43. g5 Nf4 44. Ra4 e5 45. Kh7 Nh5 46. g6+ Ke6 47. Rh4 Nf6+ 48. Kh8 Ne8 49. Rh1 Kf6 50. Kh7 Ke7 51. Ra1 e4 52. Kh6 d5 53. Ra8 Nd6 54. Kg5 Nf7+ 55. gxf7 1-0

[Event "POR-ch"]
[Site "Lisbon"]
[Date "2013.09.03"]
[Round "2"]
[White "Gomes, Miguel"]
[Black "Rego, Pedro Filipe"]
[Result "1/2-1/2"]
[WhiteElo "2128"]
[BlackElo "2229"]
[PlyCount "37"]
[EventDate "2013.09.02"]
[EventType "tourn"]
[EventRounds "9"]
[EventCountry "POR"]
[EventCategory "2"]
[SourceTitle "CBM 156 Extra"]
[Source "ChessBase"]
[SourceDate "2013.10.22"]
[SourceVersion "1"]
[SourceVersionDate "2013.10.22"]
[SourceQuality "1"]

1. e4 e5 2. Nf3 Nc6 3. Bb5 Nf6 4. 0-0 Nxe4 5. Re1 Nd6 6. Nxe5 Nxe5 7. Rxe5+ Be7 8. Bf1 0-0 9. d4 Bf6 10. Re1 Nf5 11. d5 d6 12. Nd2 Ne7 13. Ne4 Ng6 14. Qh5 Ne5 15. Be2 Re8 16. Nxf6+ Qxf6 17. Bg5 Qg6 18. Qxg6 Nxg6 19. Bd3 1/2-1/2

[Event "Famalicao op 1st"]
[Site "Famalicao"]
[Date "2013.08.29"]
[Round "7.2"]
[White "Gonzalez Perez, Arian"]
[Black "Gomes, Miguel"]
[Result "1-0"]
[WhiteElo "2462"]
[BlackElo "2128"]
[PlyCount "81"]
[EventDate "2013.08.26"]
[EventType "swiss"]
[EventRounds "9"]
[EventCountry "POR"]
[SourceTitle "EXT 2015"]
[Source "ChessBase"]
[SourceDate "2014.11.20"]
[SourceVersion "1"]
[SourceVersionDate "2014.11.20"]
[SourceQuality "1"]

1. e4 c5 2. Nf3 d6 3. d4 cxd4 4. Nxd4 Nf6 5. Nc3 a6 6. Bg5 Nbd7 7. Bc4 h6 8. Bh4 Qb6 9. 0-0 Qxb2 10. Nd5 Nxd5 11. Bxd5 Nc5 12. e5 e6 13. Rb1 Qa3 14. Nxe6 Bxe6 15. Rxb7 Nxb7 16. Bxb7 Rb8 17. Bc6+ Bd7 18. Qd5 g5 19. e6 gxh4 20. exd7+ Kd8 21. Qxf7 Qa5 22. Ba4 d5 23. Qf6+ Kc7 24. Qc6+ Kd8 25. Qf6+ Kc7 26. d8Q+ Rxd8 27. Qc6+ Kb8 28. Rb1+ Bb4 29. Qc3 Qxa4 30. Rxb4+ Qxb4 31. Qxb4+ Kc7 32. Qxh4 Rd6 33. Qe7+ Kc6 34. Qa7 Kb5 35. Qb7+ Kc5 36. Qc7+ Rc6 37. Qa5+ Kd6 38. Qb4+ Kd7 39. Qg4+ Kd6 40. Qg3+ Ke6 41. Qg6+ 1-0

[Event "Famalicao op 1st"]
[Site "Famalicao"]
[Date "2013.08.28"]
[Round "5.3"]
[White "Gomes, Miguel"]
[Black "Romano, Luis Miguel Pereira"]
[Result "1-0"]
[WhiteElo "2128"]
[BlackElo "1869"]
[PlyCount "41"]
[EventDate "2013.08.26"]
[EventType "swiss"]
[EventRounds "9"]
[EventCountry "POR"]
[SourceTitle "EXT 2015"]
[Source "ChessBase"]
[SourceDate "2014.11.20"]
[SourceVersion "1"]
[SourceVersionDate "2014.11.20"]
[SourceQuality "1"]

1. d4 Nf6 2. c4 e6 3. Nf3 b6 4. a3 Bb7 5. Nc3 Be7 6. d5 0-0 7. e4 a5 8. Be2 Na6 9. e5 Ne8 10. Bf4 exd5 11. Nxd5 Nc5 12. Qc2 Ne6 13. Bg3 f5 14. Bd3 f4 15. Bxh7+ Kh8 16. Bf5 g5 17. Bxe6 dxe6 18. h4 g4 19. Ng5 Rf5 20. Nxf4 Qd4 21. Ng6+ 1-0

[Event "Famalicao op 1st"]
[Site "Famalicao"]
[Date "2013.08.26"]
[Round "2.5"]
[White "Andrade, Nuno Filipe"]
[Black "Gomes, Miguel"]
[Result "0-1"]
[WhiteElo "1759"]
[BlackElo "2128"]
[PlyCount "110"]
[EventDate "2013.08.26"]
[EventType "swiss"]
[EventRounds "9"]
[EventCountry "POR"]
[SourceTitle "EXT 2015"]
[Source "ChessBase"]
[SourceDate "2014.11.20"]
[SourceVersion "1"]
[SourceVersionDate "2014.11.20"]
[SourceQuality "1"]

1. d4 Nf6 2. g3 d5 3. Bg2 e6 4. Nf3 Be7 5. 0-0 0-0 6. Nbd2 c5 7. e3 Nc6 8. b3 cxd4 9. exd4 b6 10. Bb2 Ba6 11. Re1 Rc8 12. a3 Qc7 13. Rc1 Bd6 14. b4 Ne7 15. Ne5 Bxe5 16. dxe5 Nd7 17. a4 Bc4 18. Nxc4 Qxc4 19. Qd4 Qxd4 20. Bxd4 Rc4 21. Bb2 Rfc8 22. c3 a5 23. Bf1 R4c7 24. f4 Nf5 25. g4 Nh4 26. Kf2 g5 27. Ba6 Ra8 28. Bb5 gxf4 29. Bxd7 Rxd7 30. b5 Rc8 31. Rcd1 Rc4 32. Rd4 Rdc7 33. Rc1 Ng6 34. Re1 Rxd4 35. cxd4 Rc4 36. Rc1 Rxa4 37. Rc8+ Kg7 38. Bc3 Ra3 39. Bd2 Rb3 40. h4 Rb2 41. Ke1 Nxh4 42. Bc1 Nf3+ 43. Kd1 Rb4 44. Ba3 Rxd4+ 45. Ke2 Nxe5 46. Rb8 f3+ 47. Kf1 Nc4 48. Be7 Rxg4 49. Bd8 Rg2 50. Bxb6 Nxb6 51. Rxb6 Rb2 52. Rb8 a4 53. Ra8 Rxb5 54. Rxa4 Rb2 55. Rf4 f2 0-1

[Event "POR-CupT 1/8-1/4 final 35th"]
[Site "Torres Vedras"]
[Date "2013.04.20"]
[Round "1.14"]
[White "Bento, Rudolfo Antonio Cam"]
[Black "Gomes, Miguel"]
[Result "0-1"]
[WhiteElo "1867"]
[BlackElo "2061"]
[PlyCount "73"]
[EventDate "2013.04.20"]
[EventType "team-k.o."]
[EventRounds "2"]
[EventCountry "POR"]
[SourceTitle "EXT 2015"]
[Source "ChessBase"]
[SourceDate "2014.11.20"]
[SourceVersion "1"]
[SourceVersionDate "2014.11.20"]
[SourceQuality "1"]
[WhiteTeam "Portugal Sporting"]
[BlackTeam "Cosme Didaxis"]
[WhiteTeamCountry "POR"]
[BlackTeamCountry "POR"]

1. e4 c6 2. d3 d5 3. Nd2 g6 4. Ngf3 Bg7 5. g3 e5 6. Bg2 Ne7 7. 0-0 0-0 8. Re1 Qc7 9. b3 Na6 10. Bb2 d4 11. c3 c5 12. cxd4 exd4 13. Qe2 Rd8 14. Rac1 Nc6 15. a3 Qe7 16. Nh4 Bf6 17. Nhf3 Be6 18. Nc4 Nc7 19. Nfd2 Bg7 20. e5 Bd5 21. Bh3 b5 22. Nd6 Nxe5 23. Nxb5 Nxb5 24. f4 Nf3+ 25. Qxf3 Qxe1+ 26. Rxe1 Bxf3 27. Nxf3 Nc3 28. a4 Rab8 29. Ba3 Rxb3 30. Bxc5 Nxa4 31. Be7 Ra8 32. Nd2 Rxd3 33. Bg2 Re3 34. Rxe3 dxe3 35. Bxa8 exd2 36. Bf3 Nc3 37. Bg2 0-1

[Event "POR-ch prel"]
[Site "Matosinhos"]
[Date "2012.08.12"]
[Round "9.1"]
[White "Martins, David Pires Tavares"]
[Black "Gomes, Miguel"]
[Result "0-1"]
[WhiteElo "2123"]
[BlackElo "2027"]
[PlyCount "98"]
[EventDate "2012.08.04"]
[EventType "swiss"]
[EventRounds "9"]
[EventCountry "POR"]
[SourceTitle "EXT 2015"]
[Source "ChessBase"]
[SourceDate "2014.11.20"]
[SourceVersion "1"]
[SourceVersionDate "2014.11.20"]
[SourceQuality "1"]

1. Nc3 c6 2. d4 d5 3. e4 dxe4 4. Nxe4 Nf6 5. Nxf6+ gxf6 6. c3 Bf5 7. Nf3 Rg8 8. g3 e6 9. Bf4 Bd6 10. Bxd6 Qxd6 11. Bg2 Nd7 12. 0-0 0-0-0 13. Re1 Nb6 14. b4 Nd5 15. Qd2 Bg4 16. Qd3 Bf5 17. Qd2 Bg4 18. Nh4 Rg5 19. Qd3 Rdg8 20. b5 Rh5 21. bxc6 Qxc6 22. c4 Nf4 23. Bxc6 Nxd3 24. Re3 bxc6 25. Rxd3 Be2 26. Re3 Bxc4 27. Ng2 Ra5 28. a3 Ra4 29. Nf4 Rd8 30. Rd1 e5 31. Nh5 exd4 32. Re7 d3 33. Nxf6 Rxa3 34. Ne4 Bd5 35. Nd2 Ra2 36. Nf1 Bf3 37. Rb1 Rd7 38. Re3 Be2 39. Rc1 Kc7 40. h3 d2 41. Nxd2 Rdxd2 42. Re7+ Rd7 43. Re3 Rad2 44. Rc5 Kb6 45. Rce5 Bc4 46. Rh5 R7d3 47. Re1 Rd1 48. Rxd1 Rxd1+ 49. Kh2 a5 0-1